Sports Quiz

Random Sports or Hockey Quiz

Defunct NHL Team Logos Quiz Stats

 Plays Quiz not verified by Sporcle

Score 0/15 Timer 05:00
13 Plays Today
% Correct
Hartford Whalers
92.5%
Minnesota North Stars
88.9%
Quebec Nordiques
87.5%
Atlanta Thrashers
86.1%
Atlanta Flames
82.8%
Hamilton Tigers
70.6%
Colorado Rockies
58.6%
California Golden Seals
57.1%
% Correct
Pittsburgh Pirates
56.2%
Montreal Maroons
53.8%
Kansas City Scouts
46.3%
Toronto Arenas
21.2%
Montreal Wanderers
18.9%
Detroit Cougars
18.8%
Quebec Bulldogs
16.5%

You're not logged in!

Compare scores with friends on all Sporcle quizzes.
OR
Log In

Show Comments

Extras

Top Quizzes Today


Score Distribution

Your Account Isn't Verified!

In order to create a playlist on Sporcle, you need to verify the email address you used during registration. Go to your Sporcle Settings to finish the process.

Report this User

Report this user for behavior that violates our Community Guidelines.

Details: